Plans and prospects of social welfare in India, 1951-61. (Record no. 56385)

MARC details
000 -LEADER
fixed length control field 00664cam a22002171 4500
001 - CONTROL NUMBER
control field sa 64000696
003 - CONTROL NUMBER IDENTIFIER
control field DLC
005 - DATE AND TIME OF LATEST TRANSACTION
control field 20260227111958.0
008 - FIXED-LENGTH DATA ELEMENTS--GENERAL INFORMATION
fixed length control field 820202s1963 ii f000 0 eng
010 ## - LIBRARY OF CONGRESS CONTROL NUMBER
LC control number sa 64000696
035 ## - SYSTEM CONTROL NUMBER
System control number (OCoLC)8120632
040 ## - CATALOGING SOURCE
Original cataloging agency DLC
Transcribing agency KyLoU
Modifying agency DLC
042 ## - AUTHENTICATION CODE
Authentication code premarc
043 ## - GEOGRAPHIC AREA CODE
Geographic area code a-ii---
050 00 - LIBRARY OF CONGRESS CALL NUMBER
Classification number HV391
Item number .A5
110 1# - MAIN ENTRY--CORPORATE NAME
Corporate name or jurisdiction name as entry element India.
Subordinate unit Planning Commission.
245 10 - TITLE STATEMENT
Title Plans and prospects of social welfare in India, 1951-61.
Statement of responsibility, etc. Foreword by G.L. Nanda.
260 ## - PUBLICATION, DISTRIBUTION, ETC.
Place of publication, distribution, etc. [Delhi,
Name of publisher, distributor, etc. Publications Division, Ministry of Information and Broadcasting,
Date of publication, distribution, etc. 1963]
300 ## - PHYSICAL DESCRIPTION
Extent 254 p.
Other physical details tables.
Dimensions 25 cm.
650 #0 - SUBJECT ADDED ENTRY--TOPICAL TERM
Topical term or geographic name entry element Public welfare
Geographic subdivision India.

No items available.

Powered by Koha